000 01449nam a2200193 i 4500
001 768714001
003 CO-MdFUSB
005 20220725163911.0
008 220725t1984 ck |||| |||| 00| 0 spa d
040 _bspa
_cCO-MdFUSB
_dCO-MdFUSB
041 _aspa
100 _aKafka, Franz,
_eautor
245 3 _aLa metamorfosis y otros cuentos
_c/ Franz Kafka
300 _aVolumen 11, (1984) páginas 397 - 475 ;
_c22 cm
520 _aLa metamorfosis es una narración autoría de Franz Kafka, publicada en 1915, que cuenta la historia de la transformación de Gregorio Samsa en un monstruoso insecto, y del drama familiar que, a raíz de este acontecimiento, se desata. Su título original en alemán es Die Verwandlung, que podría traducirse como ‘la transformación’. No obstante, en español se ha optado por designarlo como 'metamorfosis', palabra que tiene un componente mítico asociado. En este relato se ha querido ver una alegoría del enfrentamiento del hombre ante un mundo moderno que lo oprime y lo borra. Por su parte, la transformación de Gregorio en lo que es presumiblemente un escarabajo, que es un suceso fantástico, extraordinario, inaugura la literatura del absurdo, que en las décadas posteriores influirá a numerosos escritores consagrados.
653 _aLiteratura alemana
773 0 _067924
_981150
_aOveja Negra,
_o24700
_tMaestros de la literatura universal
_w(CO-MdFUSB)768714001
_z8482806718
942 _cBK
999 _c68003
_d68003